000
00300nam a22001337a 4500
008
181008b xxu||||| |||| 00| 0 eng d
020
_a
684135345
041
_a
eng
080
_a
321
100
_a
19
101
_a
SHP
245
_a
The World of the Reformation
_c
Hillerbrand, H.J
942
_2
udc
_c
BK
999
_c
49063
_d
49063